An early American reader (Record no. 493219)

000 -LEADER
fixed length control field 00322cam a22001217a 4500
008 - FIXED-LENGTH DATA ELEMENTS--GENERAL INFORMATION
fixed length control field 180718b1990 xxu||||| |||| 00| 0 eng d
082 ## - DEWEY DECIMAL CLASSIFICATION NUMBER
Classification number A98x73 Le661
245 ## - TITLE STATEMENT
Title An early American reader
Statement of responsibility, etc. edited by J.A. Leo Lemay
260 ## - PUBLICATION, DISTRIBUTION, ETC.
Place of publication, distribution, etc. New Delhi
Name of publisher, distributor, etc. Asian
Date of publication, distribution, etc. 1990
300 ## - PHYSICAL DESCRIPTION
Extent 741p.
650 ## - SUBJECT ADDED ENTRY--TOPICAL TERM
Topical term or geographic name entry element Fiction
700 ## - ADDED ENTRY--PERSONAL NAME
Personal name Lemay, J.A. Leo
Holdings
Withdrawn status Lost status Damaged status Not for loan Permanent Location Current Location Date acquired Full call number Barcode Date last seen Price effective from Koha item type
        Indian Institute of Public Administration Indian Institute of Public Administration 2018-08-04 A98x73 Le661 GR17438 2018-08-04 2018-08-04 GR

Powered by Koha